000 nam a22 a 4500
999 _c2117
_d2117
003 AKMAL
005 20170515115628.0
008 170515s2012 my e o000 0 eng d
020 _a9789834439743
_qpaperback
040 _aAKMAL
082 0 4 _a363.32 SAM
_222
090 0 0 _a363.32
_bSAM
100 1 _aSamuel, Thomas Koruth,
_d1977-
_eauthor.
_94387
245 1 0 _aReaching the Youth :
_bCountering the Terrorist Narrative /
_cTHOMAS KORUTH SAMUEL
264 1 _aKuala Lumpur :
_bSoutheast Asia Regional Centre for Counter Terrorism (SEARCCT), Ministry of Foreign Affairs,
_c2012
300 _aiv, 77 pages ;
_c20 cm
504 _aBibliography: p. 69-75
650 1 0 _aTerrorism
_xPrevention
_94388
650 2 0 _aChild terrorists
_94389
942 _2ddc
_cBOOK